000 00296nam a22001337a 4500
008 170508b xxu||||| |||| 00| 0 eng d
020 _a9780073252315
041 _aeng
080 _28th
_a343.9
100 _a14
101 _aSHJ
245 _aCRIMINAL JUSTICE
_cINCIARDI, J.A
942 _2udc
_cBK
999 _c12848
_d12848